<?xml version="1.0" encoding="UTF-8"?>
<collection xmlns="http://www.loc.gov/MARC21/slim">
 <record>
  <leader>     na                 </leader>
  <controlfield tag="001">INLIS000000000005690</controlfield>
  <controlfield tag="005">20240525030357</controlfield>
  <datafield tag="035" ind1=" " ind2=" ">
   <subfield code="a">0010-0422000085</subfield>
  </datafield>
  <datafield tag="245" ind1="1" ind2=" ">
   <subfield code="a">Berani tidak Disukai :</subfield>
   <subfield code="b">Fenomena dari Jepang untuk membebaskan diri, mengubah hidup dan meraih kebahagiaan sejati /</subfield>
   <subfield code="c">Ichiro Kishimi; Fumitake Koga</subfield>
  </datafield>
  <datafield tag="100" ind1="1" ind2=" ">
   <subfield code="a">KISHIMI, Ichiro</subfield>
  </datafield>
  <datafield tag="250" ind1=" " ind2=" ">
   <subfield code="a">Cet. 1</subfield>
  </datafield>
  <datafield tag="300" ind1=" " ind2=" ">
   <subfield code="a">344 halaman : 350 hlm ebook :</subfield>
   <subfield code="b">gambar ;</subfield>
   <subfield code="c">20x29 cm</subfield>
  </datafield>
  <datafield tag="856" ind1=" " ind2=" ">
   <subfield code="a">OPAC (Ebook z-lib.org)</subfield>
  </datafield>
  <datafield tag="700" ind1="1" ind2=" ">
   <subfield code="a">KOGA, Fumitake</subfield>
  </datafield>
  <datafield tag="260" ind1=" " ind2=" ">
   <subfield code="a">Jakarta :</subfield>
   <subfield code="b">Gramedia Pustaka Utama,</subfield>
   <subfield code="c">2019</subfield>
  </datafield>
  <datafield tag="082" ind1=" " ind2=" ">
   <subfield code="a">155.25</subfield>
  </datafield>
  <datafield tag="084" ind1=" " ind2=" ">
   <subfield code="a">155.25 KIS b</subfield>
  </datafield>
  <datafield tag="020" ind1=" " ind2=" ">
   <subfield code="a">978-602-0633-213</subfield>
  </datafield>
  <datafield tag="650" ind1=" " ind2="4">
   <subfield code="a">pengembangan diri, psikologi</subfield>
  </datafield>
  <datafield tag="650" ind1=" " ind2="4">
   <subfield code="a">EBK-22</subfield>
  </datafield>
  <datafield tag="520" ind1=" " ind2=" ">
   <subfield code="a">Membaca buku ini bisa mengubah hidup anda. jutaan orang sudah menarik manfaat darinya. sekarang giliran anda. Berani Tidak Disukai, yang sudah terjual lebih dari 3,5 juta eksemplar, mengungkap rahasia mengeluarkan kekuatan terpendam yang memungkinkan Anda meraih kebahagiaan yang hakiki dan menjadi sosok yang Anda idam-idamkan. Apakah kebahagiaan adalah sesuatu yang Anda pilih? Berani Tidak Disukai menyajikan jawabannya secara sederhana dan langsung. Berdasarkan teori Alfred Adler, satu dari tiga psikolog terkemuka abad kesembilan belas selain Freud dan Jung, buku ini mengikuti percakapan yang menggugah antara seorang filsuf dan seorang pemuda. Dalam lima percakapan yang terjalin, sang filsuf membantu muridnya memahami bagaimana masing-masing dari kita mampu menentukan arah hidup kita, bebas dari belenggu trauma masa lalu dan beban ekspektasi orang lain. Buku yang kaya kebijaksanaan ini akan memandu Anda memahami konsep memaafkan diri sendiri, mencintai diri, dan menyingkirkan hal-hal yang tidak penting dari pikiran. Cara pikir yang membebaskan ini memungkinkan Anda membangun keberanian untuk mengubah dan mengabaikan batasan yang mungkin Anda berlakukan bagi diri Anda.</subfield>
  </datafield>
  <controlfield tag="008">240525                |          | |  </controlfield>
  <datafield tag="990" ind1=" " ind2=" ">
   <subfield code="a">0003/EBK-22</subfield>
  </datafield>
 </record>
</collection>
